Franklin rides a bike / (Record no. 3075)

MARC details
000 -LEADER
fixed length control field 01039cam a2200301 a 4500
005 - DATE AND TIME OF LATEST TRANSACTION
control field 20250117081105.0
020 ## - INTERNATIONAL STANDARD BOOK NUMBER
International Standard Book Number 0590693336
040 ## - CATALOGING SOURCE
Original cataloging agency InCarS
Transcribing agency InCarS
Modifying agency DLC
050 00 - LIBRARY OF CONGRESS CALL NUMBER
Classification number PZ7.B6654
Item number 1997
082 00 - DEWEY DECIMAL CLASSIFICATION NUMBER
Classification number 813.54
100 1# - MAIN ENTRY--PERSONAL NAME
Personal name Bourgeois, Paulette
245 10 - TITLE STATEMENT
Title Franklin rides a bike /
Statement of responsibility, etc. Paulette Bourgeois, Brenda Clark.
250 ## - EDITION STATEMENT
Edition statement First Scholastic printing , March 1997
260 ## - PUBLICATION, DISTRIBUTION, ETC.
Place of publication, distribution, etc. New York :
Name of publisher, distributor, etc. Scholastic,
Date of publication, distribution, etc. 1997
300 ## - PHYSICAL DESCRIPTION
Extent 29 unnumbered pages :
Other physical details color illustrations ;
Dimensions 24 cm .
490 ## - SERIES STATEMENT
Series statement Franklin
505 ## - FORMATTED CONTENTS NOTE
Formatted contents note J <br/>
520 ## - SUMMARY, ETC.
Summary, etc. Franklin is determined to ride his bike without training wheels, and he can't understand why it seems so easy for his friends�??or why it's so hard for him.
521 0# - TARGET AUDIENCE NOTE
Target audience note 500 <br/>
Source Lexile <br/>
521 1# - TARGET AUDIENCE NOTE
Target audience note J <br/>
Source Raz-Plus <br/>
650 #1 - SUBJECT ADDED ENTRY--TOPICAL TERM
Topical term or geographic name entry element Bicycles and bicycling
General subdivision Fiction.
650 #1 - SUBJECT ADDED ENTRY--TOPICAL TERM
Topical term or geographic name entry element Turtles
General subdivision Fiction.
650 #0 - SUBJECT ADDED ENTRY--TOPICAL TERM
Topical term or geographic name entry element Animals
General subdivision Fiction.
700 1# - ADDED ENTRY--PERSONAL NAME
Personal name Clark, Brenda
Relator term illustrator
906 ## - LOCAL DATA ELEMENT F, LDF (RLIN)
a 7
b cbc
c copycat
d 3
e ncip
f 19
g y-gencatlg
942 ## - ADDED ENTRY ELEMENTS (KOHA)
Source of classification or shelving scheme Dewey Decimal Classification
Koha item type Books
Suppress in OPAC No
999 ## -
-- 3075
-- 3075
Holdings
Withdrawn status Lost status Source of classification or shelving scheme Damaged status Not for loan Collection Home library Current library Shelving location Date acquired Total Checkouts Full call number Barcode Date last seen Date last checked out Copy number Price effective from Koha item type
    Dewey Decimal Classification     Juvenile Fiction Footprints International School Library Network Toul Kork Campus Footprints International School Library Network Toul Kork Campus   02/02/2024 4 BOU 813.54 PZ7.B6654 FISTK01699 05/07/2025 04/24/2025 1 02/02/2024 Books
    Dewey Decimal Classification     Juvenile Fiction Footprints International School Library Network Toul Kork Campus Footprints International School Library Network Toul Kork Campus TK Primary Library Room(4th Floor), Bookcase 1&2, Shelves 1-16, Dark Blue Books 01/17/2025 1 BOU 813.54 PZ7.B6654 FISBK06251 03/19/2025 03/12/2025 2 01/17/2025 Books